000
00321 a2200157 4500
001
156923
020
_a
8500005483
040
_c
Escola São Tomás de Aquino
100
_a
JAF, Ivan
240
1
0
_a
Sexo
_l
por
245
1
0
_a
Sexo
300
_a
78 p.
362
0
_a
2000
697
_a
LITERATURA BRASILEIRA
942
_c
BK
999
_c
156923
_d
156923